Pays dans leur langue maternelle - Statistiques

Statistiques générales
  • Ce quiz a été pris 168 fois
  • Le résultat moyen est 18 sur 24
Statistiques - réponses
Originaire de Pays % Correct
Deutschland Allemagne
99%
España Espagne
99%
Norge Norvège
99%
Nederland Pays-Bas
99%
Polska Pologne
98%
Česká Republika Republiqué Tchèque
95%
Mongol Uls Mongolie
93%
Schweiz Suisse
90%
Sverige Suède
88%
Österreich Autriche
87%
Hellas Gréce
86%
Kypros Chypre
83%
Éire Irlande
78%
Suomi Finlande
73%
Magyarország Hongrie
73%
Eesti Estonie
71%
Ityop'ia Ethiopie
69%
Al-Jazā'ir Algerie
61%
Hrvatska Croatie
61%
Nihon Japon
61%
Kampuchea Cambodge
51%
Shqipëria Albanie
40%
Miṣr Egypte
35%
Aotearoa Nouvelle-Zélande
27%
Aucun quiz correspondant
Distribution des résultats
% des personnes avec chaque résultat
Percentile par nombre de réponses
Votre historique - résultats
Vous n’avez pas pris ce quiz